| 000 | 00621nam a22001697a 4500 | ||
|---|---|---|---|
| 020 | _qHard Cover. | ||
| 082 | _a005 | ||
| 100 | _aM Talah Zubair ; Behzad Shafique ; Talah Saeed Khan | ||
| 245 |
_aForest monitoring using Remote Sensing Imagery / _cM Talah Zubair ; Behzad Shafique ; Talah Saeed Khan |
||
| 260 |
_aIslamabad : _bSEECS - NUST, _c2019. |
||
| 300 |
_a52. p. : ill. ; _c30cm. |
||
| 650 | _aComputer Science-Project Report | ||
| 700 |
_aMuhammad Shahzad. _928519 |
||
| 856 | _uttp://10.250.8.41:8080/xmlui/handle/123456789/29570 | ||
| 942 |
_2ddc _cPR |
||
| 999 |
_c535902 _d535902 |
||